=LDR 00000nam 2200000 4500 =001 INLIS000000000042155 =005 20200313080154 =035 ##$$a 0010-101300000000077 =008 200313################g##########0#ind## =041 ##$$a Ind =082 ##$$a 211 =090 ##$$a 211, Dee a 4 =100 ##$$a Deedat, Ahmed =245 1#$$a Allah dalam yahudi masehi Islam /$c Ahmed Deedat =260 ##$$a Jakarta,$c 1994 =300 ##$$a 72 hlm, ; $c 18 x 12 cm. =850 ##$$a NBPNMAT =020 ##$$a 979-561-272-7 =084 ##$$a 211 DEE a =650 #4$$a Konsep tentang Tuhan =990 ##$$a 1341213412 =990 ##$$a 00087419